| 000 | 00000nam 2200000za 4500 |
| 001 | 9.836405 |
| 003 | CaOODSP |
| 005 | 20221107150906 |
| 007 | cr ||||||||||| |
| 008 | 170509s2004 quc #o f000 0 eng d |
| 040 | |aCaOODSP|beng |
| 043 | |an-cn--- |
| 086 | 1 |aCD4-132/2004E-PDF |
| 245 | 00|aReview of the Network Support Pilot Project |h[electronic resource] : |bexecutive report. |
| 246 | 17|aReview of the Network Support Pilot Project (NSPP) |
| 260 | |aGatineau, Quebec : |bCanadian International Development Agency, Performance and Knowledge Management Branch, |c2004. |
| 300 | |aiii, 15 p. |
| 500 | |a"January 2004." |
| 500 | |aTitle from cover. |
| 500 | |aIssued also in French under title: Examen du Projet pilote d'appui aux réseaux : rapport exécutif. |
| 520 | |a"In the fall of 2000, the Canadian International Development Agency’s (CIDA) Policy Committee approved a knowledge management initiative (KMI) designed to improve the Agency’s capacity to become a more knowledge-based organization. As part of this, the Network Support Pilot Project (NSPP) was initiated to test a structured approach to supporting knowledge networks and to evaluate the impact of this support on network performance and value added to CIDA."--Introduction. |
| 692 | 07|2gccst|aKnowledge management |
| 692 | 07|2gccst|aNetworks |
| 692 | 07|2gccst|aInternational development |
| 710 | 1 |aCanada.|bCanadian International Development Agency. |
| 775 | 08|tExamen du Projet pilote d'appui aux réseaux |w(CaOODSP)9.837765 |
| 856 | 40|qPDF|s102 KB|uhttps://publications.gc.ca/collections/collection_2017/amc-gac/CD4-132-2004-eng.pdf |